000 00344 a2200157 4500
001 180351
020 _a
040 _cMagnum
100 _aLukacs, John
240 1 0 _aA ultima guerra europeia
_lpor
245 1 0 _aA ultima guerra europeia
362 0 _a1899
440 1 _aNova Fronteira
697 _aMAGNITO: HISTORIA GERAL
942 _cBK
999 _c180351
_d180351